|
|
|
|
| LEADER |
01203cam a2200493 7i4500 |
| 001 |
0000029884 |
| 005 |
20130924090000.0 |
| 020 |
0 |
0 |
|a 9781842645833
|
| 090 |
0 |
0 |
|a EURO 658.834
|b CON
|
| 245 |
0 |
0 |
|a Consumer Europe 2013.
|
| 250 |
0 |
0 |
|a 28th ed.
|
| 260 |
0 |
0 |
|a London:
|b Euromonitor International,
|c 2012.
|
| 300 |
# |
# |
|a 536 p.
|
| 650 |
0 |
0 |
|a Consumer behavior --
|z Europe
|
| 650 |
0 |
0 |
|a Consumer --
|x Markets --
|z Europe
|
| 650 |
0 |
0 |
|a Consumer --
|x Research --
|z Europe
|
| 651 |
0 |
0 |
|a Belgium
|
| 651 |
0 |
0 |
|a Croatia
|
| 651 |
0 |
0 |
|a Ukraine
|
| 651 |
0 |
0 |
|a Lithuania
|
| 651 |
0 |
0 |
|a Czech Republic
|
| 651 |
0 |
0 |
|a Slovakia
|
| 651 |
0 |
0 |
|a Russia
|
| 651 |
0 |
0 |
|a Portugal
|
| 651 |
0 |
0 |
|a Ireland
|
| 651 |
0 |
0 |
|a Switzerland
|
| 651 |
0 |
0 |
|a Netherlands
|
| 651 |
0 |
0 |
|a Austria
|
| 651 |
0 |
0 |
|a Germany
|
| 651 |
0 |
0 |
|a Norway
|
| 651 |
0 |
0 |
|a Finland
|
| 651 |
0 |
0 |
|a Bulgaria
|
| 651 |
0 |
0 |
|a Hungary
|
| 651 |
0 |
0 |
|a Poland
|
| 651 |
0 |
0 |
|a United Kingdom
|
| 651 |
0 |
0 |
|a Turkey
|
| 651 |
0 |
0 |
|a Denmark
|
| 651 |
0 |
0 |
|a Sweden
|
| 651 |
0 |
0 |
|a Spain
|
| 651 |
0 |
0 |
|a Italy
|
| 651 |
0 |
0 |
|a Greece
|
| 651 |
0 |
0 |
|a France
|
| 651 |
0 |
0 |
|a Romania
|
| 999 |
|
|
|a B000033197
|b Book
|c Regions
|e Business Information Centre
|